La concepción institucional del derecho

Збережено в:
Бібліографічні деталі
Автор: Ruiz-Giménez Cortés, Joaquín (autor)
Формат: Книга
Мова:Іспанська
Опубліковано: Madrid Instituto de Estudios Políticos 1944
Предмети:
Теги: Додати тег
Немає тегів, Будьте першим, хто поставить тег для цього запису!

MARC

LEADER 00000nam a2200000 a 4500
001 UCR4331
003 CL-VaPUC
008 980307e19440000SP |||||||||||||||||spa|d
082 0 4 |a 340.1  |b RUI  |2 21 
100 |a Ruiz-Giménez Cortés, Joaquín  |e autor  |9 404255 
245 1 3 |a La concepción institucional del derecho 
300 |a 485 p 
942 |c BK 
945 |d 19980307 00:00:00  |a aolguin 
260 |a Madrid  |b Instituto de Estudios Políticos  |c 1944 
650 0 |a Teoría del derecho  |9 255982 
650 0 |a Instituciones jurídicas  |9 380718 
650 0 |a Filosofía del derecho   |9 255050 
650 0 |a Ordenamiento jurídico   |9 355371 
583 |a last modification  |c 20170613 10:32:00  |k Rodrigo Vera 
999 |c 267274  |d 267272 
952 |0 0  |1 0  |4 0  |6 340_100000000000000_RUI_1944  |7 0  |8 P  |9 299538  |a BIBDER  |b BIBDER  |d 2019-11-20  |i 1952625  |o 340.1 RUI 1944  |p 1952625  |r 2023-01-25  |w 2019-11-20  |y BK  |k DER